| 000 | 00635nam a22002417a 4500 | ||
|---|---|---|---|
| 003 | OSt | ||
| 005 | 20150907074106.0 | ||
| 008 | 130201t xxu||||| |||| 00| 0 eng d | ||
| 020 | _a9715131743 | ||
| 050 |
_aQ 175 _b.M915 2004 |
||
| 082 |
_aFIL303.483 _bM85 2004 |
||
| 100 | _aMosteiro, Arnaldo Privado. | ||
| 245 |
_aScience, technology and society / _cArnaldo P. Mosteiro. |
||
| 260 |
_aManila : _bEducational Publishing House, _c2004 |
||
| 300 |
_axiii,166 pages ; _c23 cm. |
||
| 526 | _c1210L-1700L | ||
| 562 | _e4 | ||
| 942 |
_2lcc _cBK _kFIL |
||
| 999 |
_c17632 _d17632 |
||